000 00545nam a2200193Ia 4500
005 20230707093758.0
008 131103s9999 xx 000 0 und d
040 _aLoreto College
041 _aEnglish
082 _a951.04
_bSTR
100 _aStrong,Anna Louis
245 _aChina
_b Fights for Freedom
_cAnna Louis Strong;maps by J.F.Horrahin
260 _a[s.n.]
_bLindsay Drummond Ltd.
_c1939
300 _aviii,231 p.
_b ill.,maps
650 _aChina - History,20th Century
700 _aHorrabin,J.F.
850 _aLCLIB
942 _cBK
999 _c7898
_d58377